Sports Quiz

Random Sports or Country Quiz

2018 Winter Olympic Games (Paint by Country) Quiz Stats

 Plays Quiz Updated Feb 13, 2019

     
Support Sporcle.
Go Orange.
Score 0/89 Timer 10:00
0 Plays Today
% Correct
United States
97.8%
Canada
94.1%
Russia* (OAR)
91.5%
South Korea
91%
China
90.9%
United Kingdom
90.3%
Germany
89.7%
France
89.4%
Sweden
89.3%
Japan
89.3%
Norway
89.3%
North Korea
87.5%
Australia
86.3%
Spain
86.1%
Mexico
86%
Finland
85.9%
Italy
85.3%
Brazil
84%
Austria
81.8%
Denmark
80.4%
Argentina
80%
Switzerland
79.5%
Portugal
78.5%
Netherlands
78%
Poland
76.6%
India
76.3%
New Zealand
76%
Ireland
75.6%
Belgium
75.1%
Greece
74.9%
% Correct
Chile
73.7%
South Africa
73.1%
Iceland
73%
Jamaica
72.2%
Czechia
71.1%
Slovakia
70.5%
Latvia
70.3%
Turkey
69.8%
Ukraine
68.8%
Slovenia
68.5%
Hungary
68.4%
Estonia
67.7%
Lithuania
67.2%
Belarus
65.5%
Iran
65.3%
Croatia
63.8%
Romania
63.5%
Luxembourg
63%
Serbia
61.2%
Israel
59.8%
Bulgaria
59.7%
Andorra
59.1%
Colombia
58.2%
Pakistan
57.8%
Kazakhstan
57.5%
Mongolia
57.5%
Albania
57.3%
Liechtenstein
55.9%
Thailand
53.4%
Monaco
53.3%
% Correct
Bosnia and Herzegovina
52.7%
Nigeria
52.2%
North Macedonia
52.1%
Montenegro
51.6%
Georgia
51.4%
Armenia
51.2%
Kosovo
49.9%
San Marino
49%
Moldova
48.7%
Azerbaijan
48.5%
Bolivia
48.3%
Uzbekistan
47.6%
Kenya
47%
Cyprus
46.6%
Morocco
46.3%
Malta
45.7%
Taiwan
44.8%
Ecuador
44%
Tonga
42.8%
Malaysia
40.6%
Kyrgyzstan
40%
Ghana
39.8%
Philippines
39.3%
Singapore
33.9%
Lebanon
29.6%
Madagascar
28.9%
Togo
28.3%
Eritrea
24.9%
Timor-Leste
18.7%

From the Vault

Remove Ads.
Support Sporcle.
Get the best of Sporcle when you Go Orange. This ad-free experience offers more features, more stats, and more fun while also helping to support Sporcle. Thank you for becoming a member.

Show Comments

Extras

Top Quizzes Today


Score Distribution

Your Account Isn't Verified!

In order to create a playlist on Sporcle, you need to verify the email address you used during registration. Go to your Sporcle Settings to finish the process.

Report this User

Report this user for behavior that violates our Community Guidelines.

Details: